| 000 | 00711nam a2200205 a 4500 | ||
|---|---|---|---|
| 001 | 000029219 | ||
| 005 | 20200930055414.0 | ||
| 008 | 110414s1967 dr 000 | spa d | ||
| 040 |
_aDO-SdBNP _bspa _cBNPHU |
||
| 082 |
_axxx _bA973p |
||
| 100 | 1 |
_aAybar Nicolás, Andrés María _919537 |
|
| 245 | 1 | 0 |
_aPautas para la integración universitaria latinoamericana / _cAndrés María Aybar Nicolás, Hugo Tolentino, Armando José Namis. |
| 260 |
_aSanto Domingo : _bUniversidad Autónoma de Santo Domingo, _c1967. |
||
| 300 |
_a12 p. ; _c21 cm. |
||
| 490 | 1 |
_aConferencias _v15 |
|
| 700 | 1 |
_aTolentino, Hugo _953875 |
|
| 700 | 1 |
_aNamis, Armando José _956116 |
|
| 830 | 0 |
_aConferencias; _v15 _99567 |
|
| 049 | _aBNPD | ||
| 999 |
_c28711 _d28711 |
||